História a vývoj centrálneho bankovníctva na Slovensku diplomová práca

Saved in:
Bibliographic Details
Main Author: Jonisová, Martina
Corporate Author: Fakulta hospodárskej informatiky EU. Katedra účtovníctva a audítorstva
Other Authors: Kadlečíková, Oľga, 1973-
Format: Book
Language:Slovak
Published: Bratislava 2018
Tags: Add Tag
No Tags, Be the first to tag this record!

MARC

LEADER 00000nbm a2200000 4500
001 0243594
005 20181108091546.9
041 0 |a slo 
044 |a SK 
245 1 0 |a História a vývoj centrálneho bankovníctva na Slovensku  |b diplomová práca  |c Martina Jonisová ; školiteľ: Oľga Kadlečíková 
264 1 |a Bratislava  |c 2018 
300 |a 51 s. 
100 1 |a Jonisová, Martina 
700 1 |a Kadlečíková, Oľga, 1973- 
710 2 |a Fakulta hospodárskej informatiky EU. Katedra účtovníctva a audítorstva